[Event "Portugal Open 2020"]
[Site "Lisbon"]
[Date "2020.01.25"]
[Round "1.33"]
[White "Barreiros, Cilauro Neves"]
[Black "Soham Das"]
[Result "0-1"]
[WhiteElo "1759"]
[BlackElo "2355"]
[Annotator "NA"]
[PlyCount "62"]
[EventDate "2020.01.25"]
[EventType "swiss"]
[EventCountry "POR"]
[SourceTitle "playchess.com"]
[Source "ChessBase"]
[SourceQuality "1"]
[TimeControl "5400+30"]

1. e4 {[%emt 0:00:00]} c5 {[%emt 0:00:00]} 2. Nf3 {[%emt 0:00:00]} d6 {[%emt 0:00:00]} 3. Nc3 {[%emt 0:00:04]} a6 {[%emt 0:00:00]} 4. a4 {[%emt 0:00:40]} Nf6 {[%emt 0:00:35]} 5. Be2 {[%emt 0:02:48]} Nc6 {[%emt 0:02:35]} 6. h3 {[%emt 0:01:46]} g6 {[%emt 0:00:39]} 7. d4 {[%emt 0:02:37]} cxd4 {[%emt 0:00:08]} 8. Nxd4 {[%emt 0:00:06]} Bg7 {[%emt 0:00:33]} 9. Be3 {[%emt 0:04:51]} O-O {[%emt 0:00:20]} 10. Qd2 {[%emt 0:02:04]} Bd7 {[%emt 0:01:38]} 11. f4 {[%emt 0:07:30]} Nxd4 {[%emt 0:02:58]} 12. Bxd4 {[%emt 0:01:29]} Bc6 {[%emt 0:00:15]} 13. Bf3 {[%emt 0:03:28]} Re8 {[%emt 0:04:04]} 14. O-O {[%emt 0:01:24]} e5 {[%emt 0:00:25]} 15. fxe5 {[%emt 0:03:50]} dxe5 {[%emt 0:00:07]} 16. Be3 {[%emt 0:00:33]} Qa5 {[%emt 0:02:03]} 17. Qf2 {[%emt 0:02:42]} Qb4 {[%emt 0:01:27]} 18. Ra3 {[%emt 0:15:24]} Kh8 {[%emt 0:05:59]} 19. Bc5 {[%emt 0:07:48]} Qc4 {[%emt 0:00:27]} 20. Qe3 {[%emt 0:16:00]} Nd7 {[%emt 0:03:46]} 21. Bd6 {[%emt 0:05:34]} Re6 {[%emt 0:00:02]} 22. Rd1 {[%emt 0:01:28]} Rxd6 {[%emt 0:00:42]} 23. Rxd6 {[%emt 0:00:58]} Bf8 {[%emt 0:00:01]} 24. Be2 {[%emt 0:11:46]} Qb4 {[%emt 0:00:24]} 25. Rxc6 {[%emt 0:02:25]} bxc6 {[%emt 0:00:01]} 26. Rb3 {[%emt 0:00:35]} Qxb3 {[%emt 0:00:15]} 27. cxb3 {[%emt 0:00:08]} Bc5 {[%emt 0:00:01]} 28. Qxc5 {[%emt 0:00:41]} Nxc5 {[%emt 0:00:01]} 29. Bc4 {[%emt 0:00:48]} Rb8 {[%emt 0:00:08]} 30. Bxf7 {[%emt 0:00:14]} Nxb3 {[%emt 0:00:07]} 31. Kf2 {[%emt 0:01:45]} Rf8 {[%emt 0:00:02]} 0-1

[Event "Portugal Open 2020"]
[Site "Lisbon"]
[Date "2020.01.25"]
[Round "1.34"]
[White "Plichta, Kamil"]
[Black "Goncalves, Samuel Jesus P"]
[Result "1-0"]
[WhiteElo "2353"]
[BlackElo "1758"]
[Annotator "NA"]
[PlyCount "45"]
[EventDate "2020.01.25"]
[EventType "swiss"]
[EventCountry "POR"]
[SourceTitle "playchess.com"]
[Source "ChessBase"]
[SourceQuality "1"]
[TimeControl "5400+30"]

1. Nf3 {[%emt 0:00:00]} Nf6 {[%emt 0:00:02]} 2. c4 {[%emt 0:00:01]} e6 {[%emt 0:00:54]} 3. g3 {[%emt 0:00:06]} b6 {[%emt 0:02:30]} 4. Bg2 {[%emt 0:00:07]} Bb7 {[%emt 0:00:26]} 5. O-O {[%emt 0:00:09]} Be7 {[%emt 0:02:05]} 6. b3 {[%emt 0:00:40]} O-O {[%emt 0:00:29]} 7. Bb2 {[%emt 0:00:21]} c5 {[%emt 0:00:47]} 8. Nc3 {[%emt 0:00:23]} d6 {[%emt 0:00:26]} 9. e3 {[%emt 0:01:00]} Nbd7 {[%emt 0:01:52]} 10. d4 {[%emt 0:01:11]} a6 {[%emt 0:01:07]} 11. d5 {[%emt 0:02:37]} Qc7 {[%emt 0:01:06]} 12. dxe6 {[%emt 0:01:45]} fxe6 {[%emt 0:00:05]} 13. Ng5 {[%emt 0:03:05]} Bxg2 {[%emt 0:00:18]} 14. Kxg2 {[%emt 0:00:06]} Qc6+ {[%emt 0:01:33]} 15. e4 {[%emt 0:00:25]} h6 {[%emt 0:06:24]} 16. Nxe6 {[%emt 0:00:11]} Nxe4 {[%emt 0:00:03]} 17. Qd5 {[%emt 0:00:26]} Qxd5 {[%emt 0:09:49]} 18. Nxd5 {[%emt 0:00:25]} Rf7 {[%emt 0:07:36]} 19. Bxg7 {[%emt 0:01:30]} Nf8 {[%emt 0:15:02]} 20. Bxf8 {[%emt 0:01:59]} Bxf8 {[%emt 0:00:12]} 21. Nxb6 {[%emt 0:01:12]} Re8 {[%emt 0:00:49]} 22. Nxf8 {[%emt 0:00:19]} Rexf8 {[%emt 0:00:05]} 23. f4 {[%emt 0:00:32]} 1-0

[Event "Portugal Open 2020"]
[Site "Lisbon"]
[Date "2020.01.25"]
[Round "1.35"]
[White "Guerreiro, Paulo Jorge Leitao"]
[Black "Taboas Rodriguez, Daniel"]
[Result "0-1"]
[WhiteElo "1757"]
[BlackElo "2348"]
[Annotator "NA"]
[PlyCount "55"]
[EventDate "2020.01.25"]
[EventType "swiss"]
[EventCountry "POR"]
[SourceTitle "playchess.com"]
[Source "ChessBase"]
[SourceQuality "1"]
[TimeControl "5400+30"]

1. c4 {[%emt 0:00:00]} Nf6 {[%emt 0:00:00]} 2. Nc3 {[%emt 0:00:07]} g6 {[%emt 0:00:00]} 3. g3 {[%emt 0:00:05]} Bg7 {[%emt 0:00:00]} 4. Bg2 {[%emt 0:00:10]} O-O {[%emt 0:00:00]} 5. d3 {[%emt 0:00:14]} e5 {[%emt 0:00:20]} 6. e3 {[%emt 0:00:19]} c6 {[%emt 0:00:44]} 7. Nf3 {[%emt 0:01:22]} Re8 {[%emt 0:00:06]} 8. O-O {[%emt 0:00:28]} d5 {[%emt 0:00:12]} 9. cxd5 {[%emt 0:02:30]} cxd5 {[%emt 0:00:04]} 10. e4 {[%emt 0:10:00]} d4 {[%emt 0:00:22]} 11. Nb1 {[%emt 0:00:12]} Nc6 {[%emt 0:00:24]} 12. a3 {[%emt 0:00:00]} Rf8 {[%emt 0:01:33]} 13. Nc3 {[%emt 0:01:18]} Re8 {[%emt 0:00:00]} 14. Nb1 {[%emt 0:01:44]} a5 {[%emt 0:00:57]} 15. Bg5 {[%emt 0:01:29]} Qb6 {[%emt 0:04:04]} 16. Qc2 {[%emt 0:02:00]} Be6 {[%emt 0:02:11]} 17. Nbd2 {[%emt 0:00:07]} Rac8 {[%emt 0:01:00]} 18. Rac1 {[%emt 0:07:40]} Nb4 {[%emt 0:06:02]} 19. Qb1 {[%emt 0:00:09]} Rxc1 {[%emt 0:00:12]} 20. Rxc1 {[%emt 0:01:06]} Ba2 {[%emt 0:00:08]} 21. Qa1 {[%emt 0:00:08]} Nxd3 {[%emt 0:00:14]} 22. Bxf6 {[%emt 0:05:56]} Bxf6 {[%emt 0:01:34]} 23. Rc2 {[%emt 0:00:08]} Be6 {[%emt 0:12:22]} 24. Bf1 {[%emt 0:03:26]} Nc5 {[%emt 0:00:35]} 25. Qc1 {[%emt 0:02:00]} Nb3 {[%emt 0:05:09]} 26. Nxb3 {[%emt 0:02:59]} Qxb3 {[%emt 0:00:06]} 27. Rc5 {[%emt 0:00:37]} Qxf3 {[%emt 0:01:05]} 28. Rc2 0-1

[Event "Portugal Open 2020"]
[Site "Lisbon"]
[Date "2020.01.25"]
[Round "1.37"]
[White "Montero Montero, Juan Jose"]
[Black "Rocha, Sergio"]
[Result "0-1"]
[WhiteElo "1744"]
[BlackElo "2343"]
[Annotator "NA"]
[PlyCount "58"]
[EventDate "2020.01.25"]
[EventType "swiss"]
[EventCountry "POR"]
[SourceTitle "playchess.com"]
[Source "ChessBase"]
[SourceQuality "1"]
[TimeControl "5400+30"]

1. e4 {[%emt 0:00:00]} c5 {[%emt 0:00:00]} 2. Nf3 {[%emt 0:00:00]} Nc6 {[%emt 0:00:00]} 3. d4 {[%emt 0:03:00]} cxd4 {[%emt 0:00:02]} 4. Nxd4 {[%emt 0:00:09]} Qb6 {[%emt 0:00:06]} 5. Nf3 {[%emt 0:02:50]} Nf6 {[%emt 0:00:16]} 6. Bd3 {[%emt 0:02:27]} e6 {[%emt 0:00:44]} 7. O-O {[%emt 0:06:05]} d6 {[%emt 0:01:23]} 8. a3 {[%emt 0:01:22]} Be7 9. b3 {[%emt 0:03:29]} O-O {[%emt 0:00:29]} 10. Bb2 {[%emt 0:00:11]} a6 {[%emt 0:00:04]} 11. Nbd2 {[%emt 0:02:34]} Qc7 12. Re1 Nd7 {[%emt 0:01:03]} 13. Nc4 {[%emt 0:09:50]} b5 {[%emt 0:00:25]} 14. Ncd2 {[%emt 0:01:28]} Nc5 {[%emt 0:01:36]} 15. Rc1 {[%emt 0:10:33]} Bb7 {[%emt 0:00:18]} 16. Bf1 {[%emt 0:01:35]} Rfd8 {[%emt 0:05:15]} 17. Qe2 {[%emt 0:09:32]} a5 18. e5 d5 {[%emt 0:01:44]} 19. Nd4 {[%emt 0:04:42]} b4 {[%emt 0:00:12]} 20. a4 {[%emt 0:02:24]} Bg5 {[%emt 0:01:36]} 21. Nxc6 {[%emt 0:04:36]} Qxc6 {[%emt 0:01:45]} 22. Rcd1 {[%emt 0:01:04]} Ba6 {[%emt 0:03:46]} 23. Qg4 {[%emt 0:00:45]} Bxd2 {[%emt 0:01:46]} 24. Rxd2 {[%emt 0:06:57]} Ne4 {[%emt 0:00:40]} 25. Qf4 {[%emt 0:07:08]} Bxf1 {[%emt 0:00:45]} 26. Rxf1 {[%emt 0:00:52]} Nxd2 {[%emt 0:00:17]} 27. Qxd2 {[%emt 0:00:06]} Rac8 {[%emt 0:00:34]} 28. Rc1 {[%emt 0:01:18]} d4 {[%emt 0:00:16]} 29. f4 {[%emt 0:00:55]} Qe4 {[%emt 0:00:18]} 0-1

[Event "Portugal Open 2020"]
[Site "Lisbon"]
[Date "2020.01.25"]
[Round "1.38"]
[White "Bayramov, Zaur"]
[Black "Batista, Sandro Manuel Almeid"]
[Result "1-0"]
[WhiteElo "2333"]
[BlackElo "1741"]
[Annotator "NA"]
[PlyCount "41"]
[EventDate "2020.01.25"]
[EventType "swiss"]
[EventCountry "POR"]
[SourceTitle "playchess.com"]
[Source "ChessBase"]
[SourceQuality "1"]
[TimeControl "5400+30"]

1. d4 {[%emt 0:00:00]} Nf6 {[%emt 0:00:57]} 2. Nf3 {[%emt 0:00:03]} e6 {[%emt 0:00:19]} 3. c4 {[%emt 0:00:54]} d5 {[%emt 0:00:50]} 4. Nc3 {[%emt 0:00:13]} c5 {[%emt 0:00:23]} 5. cxd5 {[%emt 0:00:23]} exd5 {[%emt 0:00:33]} 6. Bg5 {[%emt 0:01:18]} Be6 {[%emt 0:02:12]} 7. Qb3 {[%emt 0:10:06]} Be7 {[%emt 0:08:40]} 8. e3 {[%emt 0:07:04]} O-O {[%emt 0:02:52]} 9. Be2 {[%emt 0:08:05]} b6 {[%emt 0:10:17]} 10. O-O {[%emt 0:01:28]} c4 {[%emt 0:07:54]} 11. Qc2 {[%emt 0:01:24]} a6 {[%emt 0:01:10]} 12. Ne5 {[%emt 0:02:43]} Qc7 {[%emt 0:11:25]} 13. f4 {[%emt 0:02:51]} Nc6 {[%emt 0:01:13]} 14. f5 {[%emt 0:02:25]} Bc8 {[%emt 0:04:31]} 15. Bxf6 {[%emt 0:00:29]} Bxf6 {[%emt 0:01:00]} 16. Nxd5 {[%emt 0:00:09]} Qd6 {[%emt 0:00:55]} 17. Nxf6+ {[%emt 0:00:12]} Qxf6 {[%emt 0:00:11]} 18. Nxc6 {[%emt 0:00:07]} Qxc6 {[%emt 0:00:28]} 19. Bf3 {[%emt 0:00:07]} Qh6 {[%emt 0:00:48]} 20. Bxa8 {[%emt 0:00:09]} Qxe3+ {[%emt 0:00:29]} 21. Qf2 {[%emt 0:00:07]} 1-0

[Event "Portugal Open 2020"]
[Site "Lisbon"]
[Date "2020.01.25"]
[Round "1.39"]
[White "Dias, Antonio Alberto"]
[Black "Napoli, Nicolo"]
[Result "0-1"]
[WhiteElo "1732"]
[BlackElo "2333"]
[Annotator "NA"]
[PlyCount "71"]
[EventDate "2020.01.25"]
[EventType "swiss"]
[EventCountry "POR"]
[SourceTitle "playchess.com"]
[Source "ChessBase"]
[SourceQuality "1"]
[TimeControl "5400+30"]

1. d4 {[%emt 0:01:13]} Nf6 {[%emt 0:00:00]} 2. Nc3 {[%emt 0:00:54]} e6 {[%emt 0:00:00]} 3. Bg5 {[%emt 0:00:42]} h6 {[%emt 0:00:18]} 4. Bh4 {[%emt 0:00:28]} Bb4 {[%emt 0:01:11]} 5. f3 {[%emt 0:00:52]} c5 {[%emt 0:02:08]} 6. e3 {[%emt 0:00:36]} Qa5 {[%emt 0:02:25]} 7. Nge2 {[%emt 0:01:37]} Nd5 {[%emt 0:02:20]} 8. Qd2 {[%emt 0:01:47]} cxd4 {[%emt 0:05:47]} 9. exd4 {[%emt 0:00:30]} Nc6 {[%emt 0:00:07]} 10. Bf2 {[%emt 0:00:05]} b6 {[%emt 0:05:51]} 11. a3 {[%emt 0:00:07]} Ba6 {[%emt 0:01:24]} 12. Rd1 {[%emt 0:00:42]} Bxc3 {[%emt 0:02:23]} 13. Nxc3 {[%emt 0:00:09]} Nxc3 {[%emt 0:00:46]} 14. Qxc3 {[%emt 0:00:16]} Qxc3+ {[%emt 0:00:24]} 15. bxc3 {[%emt 0:00:02]} Bxf1 {[%emt 0:00:35]} 16. Rxf1 {[%emt 0:00:04]} d5 {[%emt 0:00:15]} 17. Bg3 {[%emt 0:01:37]} Na5 {[%emt 0:00:46]} 18. Ke2 {[%emt 0:05:50]} Rc8 {[%emt 0:00:38]} 19. Kd3 {[%emt 0:02:14]} Nc4 {[%emt 0:00:57]} 20. Rb1 {[%emt 0:00:51]} Kd7 {[%emt 0:00:35]} 21. Rb3 {[%emt 0:00:15]} Rc6 {[%emt 0:00:48]} 22. Rfb1 {[%emt 0:00:40]} g5 {[%emt 0:01:19]} 23. f4 {[%emt 0:02:31]} Na5 {[%emt 0:03:00]} 24. Rb4 {[%emt 0:05:06]} Rhc8 {[%emt 0:00:43]} 25. Be1 {[%emt 0:00:44]} gxf4 {[%emt 0:01:30]} 26. Bd2 {[%emt 0:00:05]} f6 {[%emt 0:03:19]} 27. Re1 {[%emt 0:00:39]} h5 {[%emt 0:01:14]} 28. Rbb1 {[%emt 0:01:26]} Ke7 {[%emt 0:02:13]} 29. Re2 {[%emt 0:00:07]} Kf7 {[%emt 0:01:40]} 30. Rf2 {[%emt 0:02:47]} e5 {[%emt 0:01:01]} 31. dxe5 {[%emt 0:00:06]} fxe5 {[%emt 0:00:04]} 32. g3 {[%emt 0:00:03]} e4+ {[%emt 0:00:28]} 33. Kd4 {[%emt 0:00:06]} Rc4+ {[%emt 0:00:50]} 34. Ke5 {[%emt 0:00:15]} Re8+ {[%emt 0:01:15]} 35. Kxd5 {[%emt 0:01:23]} Rc5+ {[%emt 0:00:08]} 36. Kd4 0-1

[Event "Portugal Open 2020"]
[Site "Lisbon"]
[Date "2020.01.25"]
[Round "1.41"]
[White "Bornand, Herbert"]
[Black "Esquivias Quintero, Luis Manuel"]
[Result "0-1"]
[WhiteElo "1722"]
[BlackElo "2318"]
[Annotator "NA"]
[PlyCount "42"]
[EventDate "2020.01.25"]
[EventType "swiss"]
[EventCountry "POR"]
[SourceTitle "playchess.com"]
[Source "ChessBase"]
[SourceQuality "1"]
[TimeControl "5400+30"]

1. d4 {[%emt 0:00:00]} Nf6 {[%emt 0:00:00]} 2. Nc3 {[%emt 0:01:10]} d5 {[%emt 0:00:00]} 3. Bf4 {[%emt 0:01:48]} e6 {[%emt 0:00:11]} 4. Nf3 {[%emt 0:05:57]} Bb4 {[%emt 0:00:42]} 5. a3 {[%emt 0:01:44]} Bxc3+ {[%emt 0:01:38]} 6. bxc3 {[%emt 0:02:23]} Ne4 {[%emt 0:12:20]} 7. Qd3 {[%emt 0:11:13]} b6 {[%emt 0:07:09]} 8. Nd2 {[%emt 0:09:55]} Ba6 {[%emt 0:01:38]} 9. Qe3 {[%emt 0:02:21]} Nxd2 {[%emt 0:00:40]} 10. Qxd2 {[%emt 0:03:44]} O-O {[%emt 0:07:56]} 11. g4 {[%emt 0:09:32]} c5 {[%emt 0:15:19]} 12. g5 {[%emt 0:06:02]} Nc6 {[%emt 0:03:06]} 13. h4 {[%emt 0:10:25]} cxd4 {[%emt 0:02:48]} 14. cxd4 {[%emt 0:00:13]} Re8 {[%emt 0:03:39]} 15. Be5 {[%emt 0:02:35]} Nxe5 {[%emt 0:00:37]} 16. dxe5 {[%emt 0:00:12]} Rc8 {[%emt 0:03:05]} 17. f4 {[%emt 0:09:01]} Rc5 {[%emt 0:04:14]} 18. Rh3 {[%emt 0:03:15]} Qc7 {[%emt 0:01:05]} 19. Rc1 {[%emt 0:01:51]} Rc8 {[%emt 0:00:15]} 20. Kd1 {[%emt 0:00:30]} Bb5 {[%emt 0:05:47]} 21. c3 {[%emt 0:02:13]} d4 {[%emt 0:01:17]} 0-1

[Event "Portugal Open 2020"]
[Site "Lisbon"]
[Date "2020.01.25"]
[Round "1.42"]
[White "Veiga, Jose Francisco R P N"]
[Black "Barrento, Jorge Maria Lopes"]
[Result "1-0"]
[WhiteElo "2312"]
[BlackElo "1715"]
[Annotator "NA"]
[PlyCount "39"]
[EventDate "2020.01.25"]
[EventType "swiss"]
[EventCountry "POR"]
[SourceTitle "playchess.com"]
[Source "ChessBase"]
[SourceQuality "1"]
[TimeControl "5400+30"]

1. e4 {[%emt 0:00:00]} e5 {[%emt 0:03:53]} 2. Nf3 {[%emt 0:00:00]} Qe7 {[%emt 0:00:16]} 3. Nc3 {[%emt 0:00:36]} c6 {[%emt 0:00:04]} 4. g3 {[%emt 0:00:25]} Nf6 {[%emt 0:01:28]} 5. Bg2 {[%emt 0:01:01]} g6 {[%emt 0:01:59]} 6. O-O {[%emt 0:00:11]} Bg7 {[%emt 0:00:02]} 7. d4 {[%emt 0:00:51]} d6 {[%emt 0:00:19]} 8. h3 {[%emt 0:01:04]} O-O {[%emt 0:06:44]} 9. a4 {[%emt 0:00:36]} a5 {[%emt 0:00:47]} 10. Re1 {[%emt 0:00:36]} Qc7 {[%emt 0:00:32]} 11. Bg5 {[%emt 0:02:51]} h6 {[%emt 0:08:59]} 12. Be3 {[%emt 0:00:06]} Nbd7 {[%emt 0:03:48]} 13. Qd2 {[%emt 0:00:59]} Kh7 {[%emt 0:00:59]} 14. Rad1 {[%emt 0:00:52]} Re8 {[%emt 0:01:55]} 15. b3 {[%emt 0:08:17]} Nf8 {[%emt 0:02:53]} 16. d5 {[%emt 0:05:36]} Rd8 {[%emt 0:04:06]} 17. dxc6 {[%emt 0:04:14]} bxc6 {[%emt 0:03:40]} 18. Nxe5 {[%emt 0:01:13]} Bxh3 {[%emt 0:04:26]} 19. Nxg6 {[%emt 0:00:39]} Bg4 {[%emt 0:02:18]} 20. Nxf8+ {[%emt 0:00:17]} 1-0

[Event "Portugal Open 2020"]
[Site "Lisbon"]
[Date "2020.01.26"]
[Round "2.1"]
[White "Motylev, Alexander"]
[Black "Rodriguez Lopez, Rafael"]
[Result "1-0"]
[WhiteElo "2640"]
[BlackElo "2212"]
[Annotator "TA"]
[PlyCount "75"]
[EventDate "2020.01.25"]
[EventType "swiss"]
[EventCountry "POR"]
[SourceTitle "playchess.com"]
[Source "ChessBase"]
[SourceQuality "1"]

{[%evp 9,75,9,7,4,0,18,24,-1,0,-6,33,8,41,27,59,56,52,49,65,70,86,69,205,217,215,208,189,188,225,202,244,233,274,279,260,248,240,249,242,250,237,240,277,285,325,337,360,343,368,380,372,376,365,365,342,303,1687,1791,1894,1875,29942,10430,29978,29979,29979,29980,29980,29981]} 1. Nf3 c5 2. c4 Nc6 3. Nc3 e5 4. e3 Nf6 5. d4 e4 6. Ne5 {A34: Symmetrical English: 2 Nc3, lines with ...d5.} g6 7. Be2 Bg7 8. Nxc6 {White has an edge.} (8. Rb1 {feels hotter.} O-O 9. Nxc6 dxc6 10. dxc5 Be6 11. O-O) 8... dxc6 9. dxc5 Qxd1+ {[#]} (9... Qa5 {is more complex.} 10. O-O Qxc5 11. b3 O-O 12. Bb2 Qe7) 10. Bxd1 $146 (10. Kxd1 {is interesting.} Be6 11. Kc2 Nd7 12. Rb1 O-O-O 13. b3) ({Predecessor:} 10. Kxd1 Bf5 11. Kc2 Ng4 12. Bxg4 Bxg4 13. h3 Be6 14. b3 Bxc3 15. Kxc3 h5 16. Rd1 {1-0 (33) Wang,H (2706)-Ivanisevic,I (2582) Baile Govora 2017}) 10... Bf5 11. Bd2 Nd7 12. g4 Be6 13. Nxe4 O-O 14. Be2 $1 Ne5 15. Bc3 Bxg4 ({Black should try} 15... Nxg4 $14 16. Bxg7 Kxg7) 16. Bxe5 $1 $18 Bxe5 17. Bxg4 {Strongly threatening Bd7.} f5 18. Bxf5 gxf5 19. Nd6 b6 20. O-O-O bxc5 21. Rhg1+ Kh8 22. f4 Bf6 23. Nxf5 Bxb2+ 24. Kxb2 Rxf5 {[%mdl 4096] Endgame KRR-KRR} 25. Rg3 Rf7 26. Kc3 Re8 27. Rd6 Rfe7 28. Kd3 ({Less strong is} 28. Rxc6 Rxe3+ 29. Rxe3 Rxe3+ 30. Kc2 Re2+ 31. Kb3 Re3+ 32. Kc2 Re2+ 33. Kd3 Rxh2 $16) 28... Rb7 29. Rxc6 Rb2 30. Rxc5 Rxa2 31. Rh3 Re7 32. Re5 Rxe5 $2 {[#]} (32... Rc7 33. c5 a5) 33. fxe5 {KR-KR} Kg7 34. Rf3 Rxh2 35. c5 Rb2 36. e6 {White mates.} Rb8 37. c6 Rd8+ 38. Ke4 {Accuracy: White = 96%, Black = 42%.} 1-0

[Event "Portugal Open 2020"]
[Site "Lisbon"]
[Date "2020.01.26"]
[Round "2.2"]
[White "Santos, Jose Guilherme B Lim"]
[Black "Tari, Aryan"]
[Result "0-1"]
[WhiteElo "2211"]
[BlackElo "2635"]
[Annotator "TA"]
[PlyCount "42"]
[EventDate "2020.01.25"]
[EventType "swiss"]
[EventCountry "POR"]
[SourceTitle "playchess.com"]
[Source "ChessBase"]
[SourceQuality "1"]

{[%evp 9,42,10,0,0,0,5,17,12,41,0,0,-10,-31,-36,25,22,19,7,6,-10,0,-49,-49,-49,-49,-50,-58,-381,-384,-359,-355,-869,-860,-29997,-29998]} 1. e4 e5 2. Nf3 Nc6 3. d4 exd4 4. Nxd4 Qf6 5. Nb3 Qg6 6. f3 {C45: Scotch Game.} Bd6 7. g3 {7.g4 is a critical line.} Nge7 8. Nc3 {The position is equal.} O-O {[#]} 9. f4 $146 ({Predecessor:} 9. Bg2 Be5 10. O-O Bxc3 11. bxc3 d6 12. Nd4 Bd7 13. f4 f6 14. Qd3 Rfe8 15. Bd2 {½-½ (29) Sukandar,I (2385)-Puranik,A (2550) Zuerich 2019}) 9... Bb4 10. Bg2 d5 11. exd5 Bg4 (11... Na5 $1 $15) 12. Qd3 $1 $11 {[%cal Rd3g6] [#] Hoping for Qxg6.} Bf5 13. Qc4 b5 $1 $132 {[%cal Rb5c4][%mdl 2048] Black is fighting back} 14. Qxb5 Rab8 15. Qc4 (15. Qe2 $5 {[%cal Rd5c6]} Rfe8 16. O-O Nxd5 17. Qc4 Nxc3 18. bxc3 $15) 15... Na5 16. Nxa5 $1 Bxa5 17. O-O Bxc2 {Threatens to win with ...Bd3.} 18. Re1 $2 {[%mdl 8192]} (18. f5 $15 Bxf5 19. Qf4) 18... Bd3 $19 19. Qa4 Bb6+ 20. Kh1 $2 (20. Be3 Nf5 21. Bxb6 Qxb6+ {[%mdl 64] Double Attack} 22. Kh1 Qxb2 23. d6) 20... Nf5 {( -> ...Nxg3+!)} 21. g4 {[#]} Ng3+ $1 {[%mdl 512] Accuracy: White = 51%, Black = 81%.} 0-1

[Event "Portugal Open 2020"]
[Site "Lisbon"]
[Date "2020.01.26"]
[Round "2.3"]
[White "Grigoryan, Karen H."]
[Black "Rego, Pedro Filipe"]
[Result "1-0"]
[WhiteElo "2632"]
[BlackElo "2208"]
[Annotator "TA"]
[PlyCount "66"]
[EventDate "2020.01.25"]
[EventType "swiss"]
[EventCountry "POR"]
[SourceTitle "playchess.com"]
[Source "ChessBase"]
[SourceQuality "1"]

{[%evp 11,66,0,3,0,0,-8,8,6,12,11,25,35,43,39,91,89,89,75,86,77,93,89,79,83,122,68,83,79,118,111,115,107,110,112,117,37,117,108,122,80,114,71,232,223,370,372,371,368,781,346,348,145,146,159,451,460,520]} 1. d4 d5 2. Bf4 Nf6 3. e3 c5 4. c3 Nc6 5. Nd2 e6 6. Bd3 Bd6 7. Bxd6 $1 {7.Bxd6 is better than 7.Bg3. D00: 1 d4 d5: Unusual lines.} Qxd6 8. f4 $1 b6 9. Ngf3 {The position is equal.} Bb7 10. Ne5 O-O 11. g4 Ne7 12. Qf3 {[#]} c4 $146 {[#]} (12... a5 $14) ({Predecessor:} 12... Qd8 13. f5 exf5 14. gxf5 Nc8 15. Rg1 Nd6 16. O-O-O Kh8 17. Rg3 Rc8 18. Rdg1 Rg8 {1-0 (32) Moiseenko,V (2520)-Mirzoian,M (2292) Taganrog 2017}) 13. Bxc4 $1 $16 {[%mdl 512]} Ne4 (13... dxc4 14. Qxb7) 14. Be2 f6 {[#]} 15. Nd3 $1 a5 16. Nf2 Nxd2 17. Kxd2 e5 18. f5 ({White should try} 18. fxe5 $16 fxe5 19. Qg3) 18... Bc6 19. Qg3 Nc8 20. Rhg1 Ra7 21. Rae1 Re7 22. dxe5 fxe5 23. Bd3 (23. Kc1 $16) 23... e4 (23... b5 $1 $14) 24. Be2 Qc5 25. Nh3 Nd6 26. Nf4 Bd7 $2 (26... b5 $16) 27. Kc1 $18 Bxf5 (27... Nb5 {was worth a try.} 28. Bxb5 Bxb5) 28. gxf5 Nxf5 29. Qh3 d4 $2 (29... Qxe3+ 30. Qxe3 Nxe3) 30. exd4 (30. Bd1 $142) 30... Nxd4 31. Bg4 (31. Rgf1 $18 {is more deadly.}) 31... Rxf4 $16 32. Qe3 $1 {[%csl LRd4,LRf4][%mdl 64] Double Attack} Rxg4 $2 (32... Nf3 $16 33. Qxf4 Nxg1) 33. Rxg4 $18 Nf3 {Accuracy: White = 65%, Black = 43%.} 1-0

[Event "Portugal Open 2020"]
[Site "Lisbon"]
[Date "2020.01.26"]
[Round "2.4"]
[White "Poysti, Nathanael"]
[Black "Alekseev, Evgeny"]
[Result "0-1"]
[WhiteElo "2203"]
[BlackElo "2623"]
[Annotator "TA"]
[PlyCount "79"]
[EventDate "2020.01.25"]
[EventType "swiss"]
[EventCountry "POR"]
[SourceTitle "playchess.com"]
[Source "ChessBase"]
[SourceQuality "1"]

{[%evp 22,79,44,31,27,14,48,21,12,10,7,9,10,13,10,0,16,21,25,-14,18,12,0,-17,133,127,218,132,286,280,288,118,154,0,0,0,0,0,0,0,0,0,0,-78,-78,-234,-229,-381,-318,-333,-310,-341,-348,-334,-326,-318,-283,-468,-429,-494]} 1. c4 e6 2. Nc3 d5 3. d4 Nf6 4. cxd5 exd5 5. Bg5 c6 6. e3 Bd6 7. Bd3 Nbd7 8. Nf3 O-O 9. Qc2 h6 10. Bh4 Re8 11. O-O Be7 12. Bg3 Bf8 {D36: Queen's Gambit Declined: Exchange Variation: Main line (5 Bg5 c6 6 Qc2).} 13. Rae1 Nh5 14. Be5 {[#]} (14. Bh4 {looks sharper.} g5 15. Bg3 Nxg3 16. fxg3 Bg7 17. h3) 14... Nhf6 $146 {The position is equal.} ({Predecessor:} 14... Nxe5 15. Nxe5 Nf6 16. f4 Be7 17. Qf2 Ng4 18. Qc2 Nxe5 19. fxe5 Be6 20. Ne2 Bh4 21. g3 Bh3 {1-0 (33) Friesen,B-Van Gemert,T Vlissingen 1997}) 15. h3 Nxe5 16. Nxe5 ({But not} 16. dxe5 Nd7 $17) 16... Be6 17. f4 Rc8 18. g4 Bd6 19. Qg2 Rc7 20. Rf3 b5 21. g5 hxg5 22. Rg3 g4 (22... Nh7 $11) 23. hxg4 $16 b4 (23... Bc8 $16 24. Kf2 g6) 24. Na4 Ne4 $2 (24... g6 $16 25. Rh3 Bc8) 25. Rh3 $18 f6 26. Bxe4 (26. Ng6 $18) 26... dxe4 $16 {[#]} 27. Qxe4 $2 (27. Qh2 $1 $16 {[%csl Gh2][%cal Rh3h8]} Kf8 28. b3 (28. Rh8+ Ke7 $14)) 27... fxe5 $11 28. fxe5 Bxe5 29. Qh7+ Kf8 {Threatens to win with ...Qg5.} 30. dxe5 {aiming for Qh8+.} Qg5 $36 {[%mdl 2112] [#] Double Attack. Black fights for an advantage.} 31. Qe4 {Rf1+ is the strong threat.} c5 32. Rh8+ (32. Rf1+ $11 Ke7 33. Rh5 Qxg4+ 34. Qxg4 Bxg4 35. Rg5 {[%mdl 64] Double Attack}) 32... Ke7 $17 33. Rxe8+ $2 (33. Rh2 $17) 33... Kxe8 $19 34. Qf4 $2 (34. a3 {was called for.}) 34... Qxg4+ 35. Qxg4 Bxg4 {KRB-KRN} 36. b3 c4 37. bxc4 Rxc4 38. Rb1 Bf5 39. Ra1 $2 (39. Rf1 {was the only chance.} Bd7 40. Nb2) 39... Rc2 40. Rb1 {Accuracy: White = 47%, Black = 73%.} 0-1